Statistics for U.S. States in 1790

Click here to take the quiz!

General Stats

  • This quiz has been taken 78 times
    (38 since last reset)
  • The average score is 11 of 15

Answers on the Map

Answers color-coded by a green-red scale on the quiz's map according to % correct below.
 

Answer Stats

PopulationAnswer% Correct
340,120New York
97%
821,287Virginia
88%
475,327Massachusetts
85%
114,885New Hampshire
85%
393,371North Carolina
85%
184,189New Jersey
82%
68,825Rhode Island
82%
249,073South Carolina
82%
59,094Delaware
79%
82,548Georgia
79%
319,728Maryland
76%
434,473Pennsylvania
76%
237,946Connecticut
73%
~30,000Northwest Territory
12%
35,691Southwest Territory
9%

Score Distribution

Percentile by Number Answered

Percent of People with Each Score

Your Score History

You have not taken this quiz since the last reset